| 000 | 01380cam a22004217a 4500 | ||
|---|---|---|---|
| 003 | CHAP | ||
| 005 | 20220817043517.0 | ||
| 008 | 990211d1997 it a rn 00110 eng d | ||
| 010 | _a77006 | ||
| 011 | _a77978 | ||
| 020 | _a9251040583 | ||
| 022 | _a1020-1203 | ||
| 035 | _a87754 | ||
| 040 | _cCHAP | ||
| 082 | 0 | 4 |
_a628.1 _bF34 v.13 |
| 110 | 2 | _aFAO | |
| 245 | 1 | 0 |
_aManagement of agricultural drainage water quality _c/ed. by Chandra A. Madramootoo, William R. Johnston and Lyman S. Willardson |
| 260 |
_aRome : _bFAO, _c1997. |
||
| 300 |
_a94 p. : _bilus. |
||
| 410 | 2 | _aFAO | |
| 490 | 0 |
_aInformes sobre temas hídricos _v; 13 |
|
| 590 |
_aBATCH-UPD _b10 _c20130110 _lUCH01 _h0328 |
||
| 590 |
_aBATCH-UPD _b10 _c20130110 _lUCH01 _h1906 |
||
| 590 |
_aBATCH-UPD _b10 _c20130410 _lUCH01 _h0001 |
||
| 590 |
_aBATCH-UPD _b10 _c20130914 _lUCH01 _h0104 |
||
| 590 |
_aCONVERSION _b10 _c20130109 _lUCH01 _h1342 |
||
| 650 | 1 | 4 |
_aAguas residuales para irrigación. _92591 |
| 650 | 1 | 4 |
_aDrenaje. _934190 |
| 700 | 0 |
_aJohnston, William R. _eed. _961904 |
|
| 700 | 0 |
_aMadramootoo, Chandra A. _eed. _969691 |
|
| 700 | 0 |
_aWillardson, Lyman S. _eed. _9121993 |
|
| 810 | 0 | _aFAO | |
| 830 | 0 | 0 |
_aInformes sobre temas hídricos _v; 13 _958154 |
| 901 | _aBK | ||
| 905 | _aLilia Sánchez G. | ||
| 942 | _cLIBRO | ||
| 949 |
_a628.1 F34 v.13 _bBC _cFAO _d33724000709622 _eFAO1 _h94518 _i87754 _kDonaciØn _sb |
||
| 999 |
_c77006 _d77006 |
||